Normal view
MARC view
Entry Personal Name
001 - CONTROL NUMBER
- control field: 7364
003 - CONTROL NUMBER IDENTIFIER
- control field: BD-RjUL
005 - DATE AND TIME OF LATEST TRANSACTION
- control field: 20230509111132.0
008 - FIXED-LENGTH DATA ELEMENTS
- fixed length control field: 230509|| aca||aabn | a|a d
040 ## - CATALOGING SOURCE
- Original cataloging agency: BD-RjUL
- Transcribing agency: BD-RjUL
100 ## - HEADING--PERSONAL NAME
- Personal name: Katch, Frank I
670 ## - SOURCE DATA FOUND
- Source citation: Work cat.: (BD-RjUL)81358: McArdle, William D. 7363, Exercise physiology :